Ave Maria und Memorare für Sopran, Alt, Tenor u. Bass mit willkührlicher Begleitung der Orgel /

Hlavní autor: Bombelles, Heinrich Graf von, 1789-1850
Jazyk: Latina
Vydáno: Wien : Bei Ant. Diabelli und Comp., Graben No. 1133, [1845?]
Témata:
Externí odkaz: Zobrazení hudebního incipitu
Fyzický popis: 1 partitura (11 s.) + 4 hlasy (2, 2, 2, 2 s.) ; 35 cm
Hudebniny Hudebniny
Uloženo v:
LEADER 01763ncm a2200397 a 4500
001 000901694
003 CZ BrMZK
005 20130704132954.0
007 qu
008 080619s1845 au ccaeg lat d
028 2 0 |a 7835  |b A. Diabelli u. Comp. 
031 |a 01  |b 01  |c 01  |d Moderato  |m S  |g C-1  |n xF  |o 3/4  |p '4GFG/4.A8B4A/B8AA4G/4.A8B4A/  |r G  |t Ave Maria gratia plena  |2 pe 
040 |a BOA001  |b cze 
048 |a ca04  |a kb01 
072 7 |a 783  |x Církevní hudba. Duchovní hudba. Náboženská hudba  |2 Konspekt  |9 9 
080 |a 783.24:78.087.684  |2 MRF 
080 |a 78.089.6  |2 MRF 
080 |a 78.087  |2 MRF 
080 |a (0.068)78  |2 MRF 
100 1 |a Bombelles, Heinrich Graf von,  |d 1789-1850  |7 mzk2010575752  |4 cmp 
245 1 0 |a Ave Maria und Memorare  |h [hudebnina] :  |b für Sopran, Alt, Tenor u. Bass mit willkührlicher Begleitung der Orgel /  |c componirt von Grafen Heinr. v. Bombelles 
260 |a Wien :  |b Bei Ant. Diabelli und Comp., Graben No. 1133,  |c [1845?] 
300 |a 1 partitura (11 s.) + 4 hlasy (2, 2, 2, 2 s.) ;  |c 35 cm 
500 |a Tisk vtlačenou plotnou, č. 7835 
561 |a Provenience: (etiketa) Carl Winiker's Musikalien-Leih-Anstalt Nro. 7138 
650 0 7 |a Ave Maria (smíšený sbor, varhany)  |7 ph600699  |2 czenas 
655 7 |a partitury a hlasy  |7 fd186702  |2 czenas 
655 7 |a hudební staré tisky  |7 fd278470  |2 czenas 
856 4 1 |u http://audioserver.mzk.cz/incipity/png/000901694_01_01_01.png  |y Zobrazení hudebního incipitu 
910 |a BOA001  |b STMus4-0547.243 
978 |a Diabelli  |b Ant. & Comp.  |c Wien  |f 1845 
984 |a Vídeň  |b Rakousko 
990 |a MU 
993 |a Y 
991 |b 200806 
996 6 |b 2619272151  |c STMus4-0547.243  |l Stud. starých tisků/4.patro  |r Sklad / do násl. otevíracího dne  |n 0  |w 001065844  |u 000010  |a 1  |e BOA001  |j MZK50  |s P